00718nam a2200169Ia 4500008004100000020001800041041000800059082001500067100002500082245020300107250000600310260004400316300000800360650003700368999001900405952012400424210716s2011 xx 000 0 und d a9788184952537 aeng a657.3 THOM aThomsett, Michael C. aPractical guide to annual reports: interpret understand the true capital strength and growth potential of companies.bInterpret understand the true capital strength and growth potential of companies a1 aNew DelhibJaico Publishing Housec2011 a242 aFinancial Reporting and Analyais c208648d208648 001040708MBAaAIMITbAIMITd2014-10-08g295.00l0o657.3 THOMpMBA11214r2026-05-23 00:00:00v236.00w2021-07-16yBK